[Event "Warsaw Szansa rapid op"]
[Site "Warsaw"]
[Date "2023.09.17"]
[Round "5"]
[White "Harazinska, Magdalena"]
[Black "Majek, Kacper"]
[Result "1-0"]
[WhiteElo "1950"]
[BlackElo "2164"]
[PlyCount "77"]
[EventDate "2023.09.17"]
[EventType "swiss (rapid)"]
[EventRounds "9"]
[EventCountry "POL"]
[SourceTitle "EXT 2024"]
[Source "ChessBase"]
[SourceDate "2023.10.10"]
[SourceVersion "1"]
[SourceVersionDate "2023.10.10"]
[SourceQuality "1"]

1. d4 d5 2. c4 e6 3. Nc3 c5 4. cxd5 exd5 5. dxc5 d4 6. Na4 b5 7. cxb6 axb6 8. b3 b5 9. Nb2 Bb4+ 10. Bd2 Bc3 11. Qc2 Ne7 12. Bxc3 dxc3 13. Qxc3 0-0 14. e4 Bb7 15. Bxb5 Bxe4 16. f3 Nd5 17. Qd2 Bg6 18. Ne2 Qh4+ 19. Ng3 Nb4 20. 0-0 Nc2 21. Rad1 Rxa2 22. Nc4 Qe7 23. Qd6 Qa7+ 24. Kh1 Na6 25. Ne4 Nc7 26. Bc6 Ne6 27. b4 h6 28. b5 Rd8 29. Qg3 Ncd4 30. Ne5 Nxc6 31. bxc6 Rxd1 32. Rxd1 Ra1 33. Qe1 Rxd1 34. Qxd1 Qc7 35. Nxg6 fxg6 36. Qd5 Kf7 37. Nc5 g5 38. Qxe6+ Kf8 39. Nd7+ 1-0

[Event "Warsaw Szansa blitz op"]
[Site "Warsaw"]
[Date "2023.09.16"]
[Round "12"]
[White "Kokoszczynski, Jan"]
[Black "Majek, Kacper"]
[Result "1/2-1/2"]
[WhiteElo "2232"]
[BlackElo "2164"]
[PlyCount "58"]
[EventDate "2023.09.16"]
[EventType "swiss (blitz)"]
[EventRounds "13"]
[EventCountry "POL"]
[SourceTitle "EXT 2024"]
[Source "ChessBase"]
[SourceDate "2023.10.10"]
[SourceVersion "1"]
[SourceVersionDate "2023.10.10"]
[SourceQuality "1"]

1. d4 d5 2. Nf3 c5 3. c3 Nf6 4. Bf4 Nc6 5. e3 e6 6. Nbd2 Bd6 7. Bd3 Bxf4 8. exf4 Qb6 9. dxc5 Qxb2 10. 0-0 Qxc3 11. Nb3 0-0 12. Re1 a5 13. Rc1 Qb4 14. g3 a4 15. Nbd4 Ra5 16. Nxc6 bxc6 17. Qc2 Ba6 18. Bxa6 Rxa6 19. Rb1 Qa5 20. Ne5 Ne4 21. Rec1 f6 22. Nd3 Qd2 23. Qxd2 Nxd2 24. Rb7 Nc4 25. Rcb1 Rf7 26. Rb8+ Rf8 27. R8b7 Rf7 28. Rb8+ Rf8 29. R8b7 Rf7 1/2-1/2

[Event "Polanica Zdroj op 59th"]
[Site "Polanica Zdroj"]
[Date "2023.08.26"]
[Round "8"]
[White "Majek, Kacper"]
[Black "Pulpan, Jakub"]
[Result "0-1"]
[WhiteElo "2072"]
[BlackElo "2417"]
[PlyCount "140"]
[EventDate "2023.08.19"]
[EventType "swiss"]
[EventRounds "9"]
[EventCountry "POL"]
[SourceTitle "CBM 215 Extra"]
[Source "ChessBase"]
[SourceDate "2023.09.30"]
[SourceVersion "1"]
[SourceVersionDate "2023.09.30"]
[SourceQuality "1"]

1. e4 e5 2. Nf3 Nc6 3. Bc4 Nf6 4. d3 Bc5 5. c3 d6 6. 0-0 a6 7. a4 Ba7 8. Re1 h6 9. Nbd2 g5 10. Nf1 g4 11. Nh4 Nxe4 12. dxe4 Qxh4 13. Be3 Bxe3 14. Nxe3 Ne7 15. a5 h5 16. Qa4+ Kf8 17. Qb3 Rh7 18. Bd3 Rg7 19. Qc4 Nc6 20. Qb3 Nd8 21. Qc4 Nc6 22. Qb3 Qd8 23. Nd5 Ne7 24. Nxe7 Qxe7 25. c4 h4 26. Re3 Rg6 27. Qc3 c5 28. Rb1 Bd7 29. b4 cxb4 30. Rxb4 Bc6 31. c5 dxc5 32. Rc4 g3 33. fxg3 hxg3 34. hxg3 Qg5 35. Rf3 Rf6 36. Qc1 Qxc1+ 37. Rxc1 Rxf3 38. gxf3 Rd8 39. Bf1 Ke7 40. Rxc5 Rd1 41. Rxe5+ Kd6 42. f4 f6 43. Rh5 Bxe4 44. Kf2 Ra1 45. g4 Ra4 46. Ke3 Bd5 47. Bd3 Rxa5 48. Rh6 Ra3 49. Kd4 Ra4+ 50. Ke3 Ke7 51. Rh7+ Kf8 52. Rh6 Kf7 53. Rh7+ Ke6 54. Bf5+ Kd6 55. Rh6 Kc5 56. Rxf6 Ra3+ 57. Kd2 Kd4 58. Bc2 Rg3 59. Bd1 Rg2+ 60. Kc1 Kc3 61. Rb6 Rg1 62. Rd6 Bb3 63. f5 a5 64. Rd7 b5 65. f6 a4 66. g5 a3 67. f7 Rxd1+ 68. Rxd1 a2 69. Rd3+ Kxd3 70. Kb2 Bxf7 0-1

[Event "Polanica Zdroj op 59th"]
[Site "Polanica Zdroj"]
[Date "2023.08.21"]
[Round "3"]
[White "Karolczuk, Iwo"]
[Black "Majek, Kacper"]
[Result "0-1"]
[WhiteElo "2324"]
[BlackElo "2072"]
[PlyCount "64"]
[EventDate "2023.08.19"]
[EventType "swiss"]
[EventRounds "9"]
[EventCountry "POL"]
[SourceTitle "CBM 215 Extra"]
[Source "ChessBase"]
[SourceDate "2023.09.30"]
[SourceVersion "1"]
[SourceVersionDate "2023.09.30"]
[SourceQuality "1"]

1. d4 d5 2. c4 e6 3. Nf3 c5 4. cxd5 exd5 5. Nc3 Nf6 6. Bg5 Be6 7. e4 Be7 8. Bb5+ Nc6 9. Bxf6 Bxf6 10. e5 Be7 11. Bxc6+ bxc6 12. 0-0 cxd4 13. Nxd4 Qd7 14. f4 g6 15. Rc1 c5 16. Nxe6 fxe6 17. f5 gxf5 18. Qh5+ Kd8 19. Rfd1 Rb8 20. Qf3 d4 21. b3 Bg5 22. Rc2 Rc8 23. Na4 c4 24. Nb2 Be3+ 25. Kh1 Qd5 26. Qe2 cxb3 27. Rxc8+ Kxc8 28. Nc4 f4 29. axb3 Rg8 30. b4 Kb8 31. b5 d3 32. Qa2 f3 0-1

[Event "Split op 12th"]
[Site "Split"]
[Date "2023.08.06"]
[Round "2"]
[White "Majek, Kacper"]
[Black "Zelcic, Robert"]
[Result "1-0"]
[WhiteElo "2072"]
[BlackElo "2477"]
[PlyCount "65"]
[EventDate "2023.08.05"]
[EventType "swiss"]
[EventRounds "9"]
[EventCountry "CRO"]
[SourceTitle "CBM 215 Extra"]
[Source "ChessBase"]
[SourceDate "2023.09.30"]
[SourceVersion "1"]
[SourceVersionDate "2023.09.30"]
[SourceQuality "1"]

1. e4 c5 2. Nf3 Nf6 3. e5 Nd5 4. Nc3 Nxc3 5. dxc3 Nc6 6. Bf4 Qb6 7. Rb1 Qc7 8. Bg3 e6 9. Qd2 b6 10. Bd3 Bb7 11. 0-0 d5 12. exd6 Bxd6 13. Bxd6 Qxd6 14. Qg5 Kf8 15. Rfe1 h6 16. Qh4 Rd8 17. Rbd1 Qe7 18. Qg4 g6 19. h4 Kg7 20. Rd2 Qf6 21. Rde2 Ne7 22. Ne5 Nf5 23. h5 g5 24. Nxf7 Qxf7 25. Rxe6 Rxd3 26. cxd3 Rf8 27. Qe2 Bd5 28. Qe5+ Kh7 29. Qxd5 Ng7 30. Qe4+ Kg8 31. Rg6 Qxf2+ 32. Kh2 Rf4 33. Rxg7+ 1-0

[Event "Budapest Vezerkepzo IM 07"]
[Site "Budapest"]
[Date "2023.07.28"]
[Round "6"]
[White "Majek, Kacper"]
[Black "Hnydiuk, Aleksander"]
[Result "1/2-1/2"]
[WhiteElo "2090"]
[BlackElo "2361"]
[PlyCount "85"]
[EventDate "2023.07.24"]
[EventType "tourn"]
[EventRounds "9"]
[EventCountry "HUN"]
[SourceTitle "EXT 2024"]
[Source "ChessBase"]
[SourceDate "2023.10.10"]
[SourceVersion "1"]
[SourceVersionDate "2023.10.10"]
[SourceQuality "1"]

1. e4 e5 2. Nf3 Nf6 3. Nxe5 d6 4. Nf3 Nxe4 5. d4 d5 6. Bd3 Bd6 7. 0-0 0-0 8. c4 c6 9. Nc3 Nxc3 10. bxc3 dxc4 11. Bxc4 Bf5 12. a4 Nd7 13. a5 Qc7 14. Bd3 Bxd3 15. Qxd3 Rfe8 16. Bg5 Nf8 17. g3 Ng6 18. Rfb1 h6 19. Be3 Rad8 20. Ra2 Qc8 21. Rab2 Re7 22. Nd2 Bb8 23. Qf1 Rd5 24. Nb3 Rh5 25. Re1 Nh4 26. f4 Qg4 27. Rf2 Rb5 28. Nc5 Rxa5 29. Kh1 Nf5 30. Bd2 b6 31. Rxe7 Nxe7 32. Qe1 bxc5 33. Qxe7 Ra2 34. Qe8+ Kh7 35. Kg2 Qd1 36. Be3 Rxf2+ 37. Bxf2 Qb3 38. c4 cxd4 39. Qxf7 Qd3 40. f5 Qe4+ 41. Kh3 d3 42. Bd4 Qxd4 43. Qg6+ 1/2-1/2

[Event "Budapest Vezerkepzo IM 07"]
[Site "Budapest"]
[Date "2023.07.26"]
[Round "3"]
[White "Czebe, Attila"]
[Black "Majek, Kacper"]
[Result "1/2-1/2"]
[WhiteElo "2360"]
[BlackElo "2090"]
[PlyCount "76"]
[EventDate "2023.07.24"]
[EventType "tourn"]
[EventRounds "9"]
[EventCountry "HUN"]
[SourceTitle "EXT 2024"]
[Source "ChessBase"]
[SourceDate "2023.10.10"]
[SourceVersion "1"]
[SourceVersionDate "2023.10.10"]
[SourceQuality "1"]

1. e4 e5 2. Nf3 Nc6 3. Bb5 a6 4. Ba4 Nf6 5. 0-0 Nxe4 6. d4 b5 7. Bb3 d5 8. dxe5 Be6 9. Be3 Be7 10. Nbd2 Nc5 11. c3 Nd3 12. Nd4 Nxd4 13. cxd4 Nxb2 14. Qb1 Nc4 15. Nxc4 dxc4 16. Bc2 Qd7 17. f4 0-0-0 18. f5 Bd5 19. Qe1 Qc6 20. Qg3 f6 21. Rae1 Kb8 22. Bf4 g5 23. fxg6 hxg6 24. exf6 Bxf6 25. Bxc7+ Qxc7 26. Qxc7+ Kxc7 27. Rxf6 Rhe8 28. Rxe8 Rxe8 29. Bxg6 Re2 30. Rf2 Re1+ 31. Rf1 Rxf1+ 32. Kxf1 b4 33. h4 Kd6 34. h5 Ke7 35. h6 Kf8 36. Ke2 Bxg2 37. Kd2 a5 38. a3 Bd5 1/2-1/2

[Event "Warsaw Najdorf Memorial op-A"]
[Site "Warsaw"]
[Date "2023.07.19"]
[Round "9"]
[White "Biesiadecki, Adam"]
[Black "Majek, Kacper"]
[Result "1-0"]
[WhiteElo "2015"]
[BlackElo "2090"]
[PlyCount "79"]
[EventDate "2023.07.11"]
[EventType "swiss"]
[EventRounds "9"]
[EventCountry "POL"]
[SourceTitle "EXT 2024"]
[Source "ChessBase"]
[SourceDate "2023.10.10"]
[SourceVersion "1"]
[SourceVersionDate "2023.10.10"]
[SourceQuality "1"]

1. Nf3 d5 2. c4 e6 3. d4 c5 4. cxd5 exd5 5. Nc3 Nf6 6. Bg5 Be6 7. e3 c4 8. Be2 Bb4 9. Qa4+ Nc6 10. Ne5 0-0 11. Nxc6 Bxc3+ 12. bxc3 bxc6 13. Bxf6 gxf6 14. 0-0 Qc7 15. e4 Rab8 16. Rfb1 Qf4 17. exd5 cxd5 18. Qd1 Bf5 19. g3 Qg5 20. Rxb8 Rxb8 21. h4 Qg6 22. Bh5 Qh6 23. Bf3 Be6 24. Bg4 Qg6 25. Bxe6 fxe6 26. Qa4 Qf7 27. Re1 Kg7 28. Qc6 Rb6 29. Qc8 Qe7 30. Re3 Qd6 31. Qe8 Ra6 32. h5 Kh6 33. Rf3 f5 34. Qf7 Qd8 35. g4 fxg4 36. Rf6+ Kg5 37. Qg7+ Kh4 38. f3 gxf3 39. Rf4+ Kxh5 40. Qxh7+ 1-0

[Event "Warsaw Najdorf Memorial op-A"]
[Site "Warsaw"]
[Date "2023.07.18"]
[Round "8"]
[White "Majek, Kacper"]
[Black "Zhuk, Ivan"]
[Result "1-0"]
[WhiteElo "2090"]
[BlackElo "2017"]
[PlyCount "141"]
[EventDate "2023.07.11"]
[EventType "swiss"]
[EventRounds "9"]
[EventCountry "POL"]
[SourceTitle "EXT 2024"]
[Source "ChessBase"]
[SourceDate "2023.10.10"]
[SourceVersion "1"]
[SourceVersionDate "2023.10.10"]
[SourceQuality "1"]

1. e4 c5 2. Nf3 d6 3. d4 cxd4 4. Nxd4 Nf6 5. Nc3 a6 6. Rg1 e5 7. Nb3 Be6 8. g4 d5 9. exd5 Nxd5 10. Nxd5 Qxd5 11. Qxd5 Bxd5 12. Be3 Nc6 13. c3 0-0-0 14. Nd2 Be7 15. a4 h5 16. g5 h4 17. b4 f5 18. gxf6 gxf6 19. b5 Nb8 20. Bh3+ Nd7 21. 0-0-0 axb5 22. axb5 Kc7 23. Rg7 Bf8 24. Rxd7+ Rxd7 25. Nc4 Rhh7 26. Bxd7 Rxd7 27. Nd2 h3 28. Rg1 Bg2 29. Kc2 Kd6 30. Ra1 Ke6 31. Ra8 Be7 32. Rh8 Rd8 33. Rh7 Ra8 34. Kb2 Ba3+ 35. Kc2 Bd6 36. Kb2 Be7 37. f3 Ra5 38. c4 Ra4 39. Bf2 Ra8 40. Be3 Rd8 41. Kc3 Ra8 42. Kb2 Rg8 43. Kb3 Rf8 44. Rxe7+ Kxe7 45. Bc5+ Kf7 46. Bxf8 Kxf8 47. Kb4 Ke7 48. Kc5 Kd7 49. Kb6 f5 50. c5 e4 51. fxe4 Bxe4 52. Nxe4 fxe4 53. Kxb7 e3 54. c6+ Ke7 55. c7 e2 56. c8Q e1Q 57. Qc5+ Kd8 58. Qd6+ Ke8 59. b6 Kf7 60. Kc7 Qc3+ 61. Kd7 Qb2 62. Kc8 Qh8+ 63. Qd8 Qa1 64. b7 Qa6 65. Qd5+ Ke7 66. Kc7 Qa7 67. Qd6+ Kf7 68. Kc8 Ke8 69. Qc6+ Ke7 70. b8Q Qd4 71. Qbc7+ 1-0

[Event "Warsaw Najdorf Memorial op-A"]
[Site "Warsaw"]
[Date "2023.07.16"]
[Round "6"]
[White "Majek, Kacper"]
[Black "Hetzer, Volkhard"]
[Result "1-0"]
[WhiteElo "2090"]
[BlackElo "1952"]
[PlyCount "109"]
[EventDate "2023.07.11"]
[EventType "swiss"]
[EventRounds "9"]
[EventCountry "POL"]
[SourceTitle "EXT 2024"]
[Source "ChessBase"]
[SourceDate "2023.10.10"]
[SourceVersion "1"]
[SourceVersionDate "2023.10.10"]
[SourceQuality "1"]

1. e4 e6 2. d4 d5 3. Nc3 Bb4 4. e5 b6 5. Qg4 Bf8 6. b4 Bxb4 7. Qxg7 Bxc3+ 8. Bd2 Bxa1 9. Qxh8 Kd7 10. Nf3 h6 11. Qg7 Qe8 12. g4 Nc6 13. c3 Bb2 14. h4 Nce7 15. Qh7 Ba3 16. h5 Bb7 17. Bd3 Rd8 18. Bxh6 Nxh6 19. Qxh6 Kc8 20. Qf4 Qc6 21. Qd2 Ng8 22. Ke2 Be7 23. g5 Qa4 24. h6 Nxh6 25. gxh6 Ba6 26. Ne1 Bxd3+ 27. Nxd3 Rh8 28. f3 Bf8 29. h7 Be7 30. Kf1 c5 31. dxc5 bxc5 32. Kg2 Qe8 33. Qh6 Bf8 34. Qf6 Be7 35. Qg7 Qf8 36. Qg4 Qe8 37. Nf2 Kc7 38. Qg7 Qf8 39. Qg3 Qb8 40. Rh3 Qf8 41. Ng4 Qg7 42. Nf6 Qxg3+ 43. Kxg3 Bxf6 44. exf6 d4 45. cxd4 cxd4 46. f4 Kd6 47. Rh5 e5 48. fxe5+ Kd5 49. Kf4 Kc4 50. Kg5 d3 51. Kh6 d2 52. Rh1 Re8 53. Kg7 Rxe5 54. h8Q Re1 55. Qh4+ 1-0

[Event "Warsaw Maciei Memorial"]
[Site "Warsaw"]
[Date "2023.07.10"]
[Round "10"]
[White "Majek, Kacper"]
[Black "Kudlak, Julia"]
[Result "1-0"]
[WhiteElo "2090"]
[BlackElo "1899"]
[PlyCount "51"]
[EventDate "2023.07.10"]
[EventType "swiss (blitz)"]
[EventRounds "11"]
[EventCountry "POL"]
[SourceTitle "CBM 215 Extra"]
[Source "ChessBase"]
[SourceDate "2023.09.30"]
[SourceVersion "1"]
[SourceVersionDate "2023.09.30"]
[SourceQuality "1"]

1. e4 c5 2. Nf3 Nc6 3. Bb5 e6 4. Bxc6 bxc6 5. d3 g6 6. 0-0 Bg7 7. e5 Ne7 8. Nc3 Qc7 9. Re1 0-0 10. Bg5 Nf5 11. Ne4 h6 12. Bf6 Rb8 13. b3 a5 14. a4 d6 15. g4 dxe5 16. gxf5 exf5 17. Bxg7 fxe4 18. Bxf8 exf3 19. Bxh6 Bg4 20. Qd2 Kh7 21. Bg5 Kg7 22. h3 Rh8 23. hxg4 Qd7 24. Re4 f5 25. Rxe5 fxg4 26. Re7+ 1-0

[Event "Warsaw Maciei Memorial"]
[Site "Warsaw"]
[Date "2023.07.10"]
[Round "6"]
[White "Majek, Kacper"]
[Black "Malicka, Maria"]
[Result "0-1"]
[WhiteElo "2090"]
[BlackElo "2217"]
[PlyCount "176"]
[EventDate "2023.07.10"]
[EventType "swiss (blitz)"]
[EventRounds "11"]
[EventCountry "POL"]
[SourceTitle "CBM 215 Extra"]
[Source "ChessBase"]
[SourceDate "2023.09.30"]
[SourceVersion "1"]
[SourceVersionDate "2023.09.30"]
[SourceQuality "1"]

1. e4 c5 2. Nf3 d6 3. d4 cxd4 4. Nxd4 Nf6 5. Nc3 a6 6. Rg1 h5 7. Be3 Nbd7 8. h3 h4 9. g4 hxg3 10. Rxg3 Ne5 11. f4 Nc6 12. Qd2 e5 13. Nxc6 bxc6 14. fxe5 dxe5 15. Qxd8+ Kxd8 16. 0-0-0+ Kc7 17. Na4 Rb8 18. Nc5 Bxc5 19. Bxc5 Nxe4 20. Rxg7 Nxc5 21. Rxf7+ Kb6 22. Re7 Bxh3 23. Bxh3 Rxh3 24. Rxe5 Rbh8 25. Re2 Rh1 26. b3 Rxd1+ 27. Kxd1 Rh1+ 28. Kd2 Rh5 29. Kc3 Rd5 30. Re7 Rd7 31. Re5 Nb7 32. Rh5 Rd5 33. Rh7 Nd6 34. Re7 Nb5+ 35. Kb2 Nd4 36. Kc3 Nf5 37. Rh7 Re5 38. Kd2 Kc5 39. Ra7 Kb6 40. Rh7 a5 41. Rh5 Nd4 42. Rh6 Nf3+ 43. Kc3 Re3+ 44. Kb2 Kc5 45. Rh3 Kd4 46. Rh6 Ne5 47. Rd6+ Kc5 48. Rd8 Re2 49. Kc3 Nf3 50. Ra8 Kb6 51. Rb8+ Kc7 52. Ra8 Re5 53. Kb2 Nd4 54. Kc3 Nb5+ 55. Kd3 Na3 56. Rh8 Rc5 57. c3 Rg5 58. Rh7+ Kb6 59. Rh2 Rg3+ 60. Kd2 Nb5 61. c4 Nd4 62. Kc1 Rg1+ 63. Kb2 Re1 64. Kc3 Re2 65. Rh8 Ne6 66. a3 Nc5 67. Rb8+ Kc7 68. Ra8 Nb7 69. Rh8 Re3+ 70. Kc2 Nc5 71. b4 axb4 72. axb4 Ne4 73. Rh7+ Kd6 74. Rh6+ Kc7 75. Rh7+ Kb6 76. Rh6 Rc3+ 77. Kb2 Rxc4 78. Ka3 Rc3+ 79. Ka4 Rc1 80. Re6 Nc3+ 81. Kb3 Nd5 82. Rh6 Rb1+ 83. Ka3 Rxb4 84. Rh8 Rg4 85. Kb3 Kc5 86. Ra8 Rg3+ 87. Kc2 Kc4 88. Rg8 Rxg8 0-1

[Event "Warsaw Maciei Memorial"]
[Site "Warsaw"]
[Date "2023.07.10"]
[Round "9"]
[White "Niezhentsev, Kyrylo"]
[Black "Majek, Kacper"]
[Result "1-0"]
[WhiteElo "2057"]
[BlackElo "2090"]
[PlyCount "75"]
[EventDate "2023.07.10"]
[EventType "swiss (blitz)"]
[EventRounds "11"]
[EventCountry "POL"]
[SourceTitle "CBM 215 Extra"]
[Source "ChessBase"]
[SourceDate "2023.09.30"]
[SourceVersion "1"]
[SourceVersionDate "2023.09.30"]
[SourceQuality "1"]

1. e4 e5 2. Nf3 Nc6 3. Bb5 a6 4. Ba4 Nf6 5. 0-0 Nxe4 6. d4 b5 7. Bb3 d5 8. dxe5 Be6 9. c3 Be7 10. Nbd2 0-0 11. Bc2 f5 12. exf6 Nxf6 13. Ng5 Bd7 14. Re1 Qc8 15. Qe2 Bc5 16. Nb3 Bb6 17. Be3 Re8 18. Qf3 Bxe3 19. Rxe3 h6 20. Bh7+ Nxh7 21. Qxd5+ Be6 22. Nxe6 Ne7 23. Qe5 Nf6 24. Nbc5 Ng6 25. Qg3 Kh7 26. Rd1 Nh5 27. Qg4 Nf6 28. Qf5 Re7 29. Rg3 Qe8 30. h4 h5 31. Rg5 Rb8 32. Rd5 Rb6 33. Rxh5+ Nxh5 34. Qxh5+ Kg8 35. Rd8 Rbxe6 36. Nxe6 Rxe6 37. Rxe8+ Rxe8 38. Qxg6 1-0

[Event "Bydgoszcz op-A"]
[Site "Bydgoszcz"]
[Date "2023.06.28"]
[Round "5"]
[White "Wikar, Martyna"]
[Black "Majek, Kacper"]
[Result "1/2-1/2"]
[WhiteElo "2176"]
[BlackElo "2083"]
[PlyCount "120"]
[EventDate "2023.06.24"]
[EventType "swiss"]
[EventRounds "9"]
[EventCountry "POL"]
[SourceTitle "CBM 215 Extra"]
[Source "ChessBase"]
[SourceDate "2023.09.30"]
[SourceVersion "1"]
[SourceVersionDate "2023.09.30"]
[SourceQuality "1"]

1. e4 e5 2. Nf3 Nc6 3. Bc4 Bc5 4. d3 Nf6 5. 0-0 d6 6. c3 a5 7. Bb3 0-0 8. h3 Be6 9. Re1 Bxb3 10. Qxb3 a4 11. Qd1 h6 12. Nbd2 d5 13. Qe2 Re8 14. Nf1 Qd7 15. Ng3 Rad8 16. b4 axb3 17. axb3 dxe4 18. dxe4 Qd3 19. Qb2 Qb5 20. Be3 Rd3 21. Qe2 Bxe3 22. fxe3 Red8 23. Rad1 Qa6 24. c4 R3d7 25. Nh4 Qb6 26. Rxd7 Rxd7 27. Rf1 Ne7 28. Kh2 g6 29. b4 Kg7 30. Qb2 Qe6 31. Nf3 Neg8 32. Nxe5 Re7 33. Ng4 h5 34. Nxf6 Nxf6 35. Rf4 Qe5 36. Qd4 h4 37. Ne2 Nxe4 38. Qxe5+ Rxe5 39. Nd4 g5 40. Rf1 Kg6 41. Nf3 Re7 42. Rd1 Ng3 43. b5 Nf5 44. Rd8 f6 45. c5 Rxe3 46. Rg8+ Ng7 47. Nd4 Re5 48. b6 cxb6 49. cxb6 Re7 50. Rb8 Nf5 51. Nf3 Ne3 52. Nd2 Kf5 53. Nb3 g4 54. Kg1 g3 55. Nd4+ Ke4 56. Nf3 Rd7 57. Re8+ Kf4 58. Kh1 Rd1+ 59. Ng1 Rb1 60. Re4+ Kxe4 1/2-1/2

[Event "Malopolska-ch"]
[Site "Krakow"]
[Date "2023.06.08"]
[Round "2"]
[White "Majek, Kacper"]
[Black "Kyc, Jerzy"]
[Result "0-1"]
[WhiteElo "2083"]
[BlackElo "2276"]
[PlyCount "70"]
[EventDate "2023.06.08"]
[EventType "swiss"]
[EventRounds "7"]
[EventCountry "POL"]
[SourceTitle "CBM 214 Extra"]
[Source "ChessBase"]
[SourceDate "2023.07.31"]
[SourceVersion "1"]
[SourceVersionDate "2023.07.31"]
[SourceQuality "1"]

1. e4 c5 2. Nf3 d6 3. d4 cxd4 4. Nxd4 Nf6 5. Nc3 a6 6. Rg1 h5 7. Be3 e6 8. h3 b5 9. a3 Bb7 10. f3 h4 11. Qd2 Nbd7 12. 0-0-0 Rc8 13. Kb1 Be7 14. g4 hxg3 15. Rxg3 g6 16. Qg2 Ne5 17. f4 Rxc3 18. fxe5 Nxe4 19. Rxg6 Rxe3 20. Qg1 Nd2+ 21. Rxd2 Re1+ 22. Ka2 Bd5+ 23. b3 Rxf1 24. Qxf1 fxg6 25. c4 Qa5 26. b4 Bxc4+ 27. Qxc4 bxc4 28. bxa5 dxe5 29. Nc6 Rxh3 30. Rg2 Rxa3+ 31. Kb1 Bd6 32. Rxg6 Kd7 33. Na7 Rb3+ 34. Kc2 Rb7 35. Rg7+ Be7 0-1

[Event "Krakow op-A 32nd"]
[Site "Krakow"]
[Date "2022.01.02"]
[Round "6"]
[White "Braeuning, Rudolf Wilhelm"]
[Black "Majek, Kacper"]
[Result "1/2-1/2"]
[WhiteElo "2242"]
[BlackElo "2100"]
[PlyCount "117"]
[EventDate "2021.12.27"]
[EventType "swiss"]
[EventRounds "9"]
[EventCountry "POL"]
[SourceTitle "EXT 2023"]
[Source "ChessBase"]
[SourceDate "2022.10.05"]
[SourceVersion "1"]
[SourceVersionDate "2022.10.05"]
[SourceQuality "1"]

1. e4 c5 2. c3 Nf6 3. e5 Nd5 4. d4 cxd4 5. Nf3 d6 6. Qxd4 e6 7. Nbd2 Nc6 8. Bb5 Bd7 9. Bxc6 Bxc6 10. Nc4 b5 11. Nxd6+ Bxd6 12. exd6 0-0 13. a4 Qxd6 14. 0-0 a6 15. b3 Qc7 16. Ne5 Bb7 17. c4 Nb4 18. Qc3 Nc6 19. Nd3 Rfd8 20. Be3 Ne7 21. Nc5 Nf5 22. cxb5 axb5 23. axb5 Rxa1 24. Rxa1 Nxe3 25. fxe3 f5 26. Qa5 Qe7 27. Nxb7 Rb8 28. Qa6 Rxb7 29. Qc6 h6 30. b6 Kh7 31. h3 Rd7 32. Rc1 Qd6 33. b4 Qd2 34. Qc3 Qe2 35. Re1 Qb5 36. Qc5 Rd5 37. Qxb5 Rxb5 38. e4 f4 39. Rb1 Kg6 40. Kf2 Kf6 41. Ke2 Ke5 42. Kd3 Rxb6 43. b5 g5 44. Rb4 h5 45. Kc4 g4 46. hxg4 hxg4 47. Kd3 g3 48. Ke2 Kd6 49. e5+ Kc5 50. Rb1 Rxb5 51. Rxb5+ Kxb5 52. Kf3 Kc5 53. Kxf4 Kd4 54. Kxg3 Kxe5 55. Kf3 Kf5 56. g4+ Kg5 57. Ke4 Kxg4 58. Ke5 Kh3 59. Kxe6 1/2-1/2

[Event "Krakow op-A 32nd"]
[Site "Krakow"]
[Date "2022.01.02"]
[Round "7"]
[White "Majek, Kacper"]
[Black "Salna, Aleksandras"]
[Result "0-1"]
[WhiteElo "2100"]
[BlackElo "2227"]
[PlyCount "138"]
[EventDate "2021.12.27"]
[EventType "swiss"]
[EventRounds "9"]
[EventCountry "POL"]
[SourceTitle "EXT 2023"]
[Source "ChessBase"]
[SourceDate "2022.10.05"]
[SourceVersion "1"]
[SourceVersionDate "2022.10.05"]
[SourceQuality "1"]

1. b3 d5 2. Bb2 Bf5 3. Nf3 e6 4. g3 Nf6 5. Bg2 Be7 6. 0-0 h6 7. d3 0-0 8. Nbd2 Bh7 9. Qe1 c5 10. e4 Nc6 11. Qe2 Re8 12. Rfd1 a5 13. a4 Qc7 14. Re1 Bg6 15. h3 Bh5 16. Nb1 d4 17. Na3 Ne5 18. g4 Nxf3+ 19. Bxf3 Bg6 20. h4 Nd7 21. h5 Bh7 22. e5 f6 23. exf6 Bxf6 24. Nc4 Re7 25. Be4 Bxe4 26. Qxe4 Bg5 27. Bc1 Rf8 28. Ne5 Nxe5 29. Qxe5 Bxc1 30. Raxc1 Rf4 31. Qxc7 Rxc7 32. Re4 Rcf7 33. Rf1 Rxe4 34. dxe4 Rf3 35. Re1 Rf4 36. Kg2 Rxg4+ 37. Kh3 Rg5 38. f4 Rxh5+ 39. Kg3 Kf7 40. Rc1 b6 41. c3 dxc3 42. Rxc3 Rh1 43. Kf3 Rd1 44. Ke3 Rd4 45. Rc2 Rb4 46. Rc3 g5 47. Rd3 Rd4 48. Rc3 Kf6 49. Rc2 Rb4 50. Rc3 gxf4+ 51. Kxf4 e5+ 52. Kf3 Kg5 53. Re3 h5 54. Kg3 h4+ 55. Kf3 h3 56. Rd3 h2 57. Kg2 Kf4 58. Kxh2 Kxe4 59. Rh3 c4 60. bxc4 Rxc4 61. Rh6 Rb4 62. Kg3 Ke3 63. Rd6 e4 64. Kg4 Ke2 65. Kf5 e3 66. Ke5 Ke1 67. Kd5 e2 68. Kc6 Rxa4 69. Kxb6 Rf4 0-1

[Event "Krakow op-A 32nd"]
[Site "Krakow"]
[Date "2021.12.31"]
[Round "5"]
[White "Kotyk, Michael"]
[Black "Majek, Kacper"]
[Result "0-1"]
[WhiteElo "2140"]
[BlackElo "2100"]
[PlyCount "94"]
[EventDate "2021.12.27"]
[EventType "swiss"]
[EventRounds "9"]
[EventCountry "POL"]
[SourceTitle "EXT 2023"]
[Source "ChessBase"]
[SourceDate "2022.10.05"]
[SourceVersion "1"]
[SourceVersionDate "2022.10.05"]
[SourceQuality "1"]

1. d4 d5 2. c4 e6 3. Nc3 Bb4 4. e3 Nf6 5. Bd2 0-0 6. Nf3 c5 7. dxc5 Bxc5 8. cxd5 exd5 9. Rc1 Nc6 10. Nb5 Bb6 11. Bc3 Ne4 12. Bd3 Nxc3 13. bxc3 Bg4 14. h3 Bh5 15. Qc2 Bxf3 16. Bxh7+ Kh8 17. gxf3 Qh4 18. Bf5 Bxe3 19. Rd1 Rae8 20. Kf1 Bb6 21. Rxd5 Ne7 22. Re5 Nxf5 23. Rxf5 g6 24. Rd5 Bxf2 25. Rd1 Bc5 26. Nd4 Re3 27. Qf2 Qxf2+ 28. Kxf2 Rxc3 29. Kg3 Bd6+ 30. Kg4 Rfc8 31. f4 f5+ 32. Kg5 Rg3+ 33. Kf6 Rf8+ 34. Ke6 Bxf4 35. Ke7 Kg8 36. Ne6 Rf7+ 37. Ke8 Rc3 38. Rhg1 Bg3 39. Rd6 Re3 40. h4 Rf8+ 41. Kd7 Bxd6 42. Rxg6+ Kf7 43. h5 Rxe6 44. Rxe6 Rd8+ 45. Kxd8 Kxe6 46. h6 f4 47. h7 Be5 0-1

[Event "Krakow op-A 32nd"]
[Site "Krakow"]
[Date "2021.12.30"]
[Round "4"]
[White "Majek, Kacper"]
[Black "Isha, Sharma"]
[Result "1/2-1/2"]
[WhiteElo "2100"]
[BlackElo "2200"]
[PlyCount "115"]
[EventDate "2021.12.27"]
[EventType "swiss"]
[EventRounds "9"]
[EventCountry "POL"]
[SourceTitle "EXT 2023"]
[Source "ChessBase"]
[SourceDate "2022.10.05"]
[SourceVersion "1"]
[SourceVersionDate "2022.10.05"]
[SourceQuality "1"]

1. e4 e5 2. Nf3 Nc6 3. Bc4 Bc5 4. d3 Nf6 5. c3 0-0 6. 0-0 d5 7. exd5 Nxd5 8. Re1 Bg4 9. h3 Bh5 10. g4 Bg6 11. Nxe5 Nxe5 12. Rxe5 c6 13. Bxd5 cxd5 14. Qf3 Re8 15. Bf4 Rxe5 16. Bxe5 Qg5 17. Bf4 Qf6 18. Nd2 Bxd3 19. Re1 h6 20. Be3 Qe6 21. Qd1 Bd6 22. Bf4 Qf6 23. Bxd6 Qxd6 24. Qf3 Bg6 25. Qe3 Qa6 26. a3 Qb5 27. b3 Qa5 28. c4 d4 29. Qf4 Rd8 30. Nf3 d3 31. b4 Qxa3 32. Qc7 Rf8 33. Qxb7 Qc3 34. Qd5 Qxb4 35. c5 Rc8 36. c6 Kh7 37. Re3 Qc3 38. h4 Qb4 39. Qd7 d2 40. Nxd2 Rxc6 41. Qxc6 Qxd2 42. h5 Qd1+ 43. Kh2 Bb1 44. Qb7 Bc2 45. Rg3 f6 46. Qxa7 Be4 47. Rg1 Qd6+ 48. Kh3 f5 49. g5 hxg5 50. Rxg5 Qf6 51. Rg6 Qe5 52. Rg5 Qf6 53. Qe3 Qe6 54. Kg3 Qd6+ 55. Qf4 Qd1 56. Qe3 Qd6+ 57. Kh3 Qd1 58. Kg3 1/2-1/2